000 00789nam a22002417a 4500
005 20170124110239.0
010 _aB-058960
020 _c00.00
_a8171416004
035 _aB-058960
037 _bCen Lib/Ret
040 _aDPL
_bEN
082 _a372.3
_bEDI
100 _aEdiger, Marlow
_994060
245 _aTeaching science successfully /
_cby Marlow Ediger [ad] Digumarti Bhaskara Rao
260 _aNew Delhi
_bDiscovery Publishing House
_c2001
270 _a4831/24, Ansari Road, Prahlad Street, Darya Ganj
_bNew Delhi
_e110002
300 _a309p.
_c21cm(Hb)
500 _aIncludes index
650 _aScience -- Study and teaching
_94704
650 _aStudy and teaching
_926086
700 _aRao, Digumarti Bhaskara
_94707
942 _2ddc
_cEN
_h372.3
_mEDI
999 _c135065
_d135065